000 00593cam a22002291 4500
001 sa 68013643
003 DLC
005 20260227112623.0
008 890514r1962uuuuio 000 0 dut
010 _asa 68013643
035 _a(OCoLC)23396685
040 _aDLC
_cMiU
_dDLC
042 _apremarc
050 0 0 _aPB135.A144
_bI5
100 0 _aMuslim ibn al-Ḥajjāj al-Qushayrī,
_dapproximately 821-875.
245 1 0 _aḤadīth Muslim.
250 _aTjet. 4.
260 _aJogjakarta,
_bPenjiaran Islam,
_c1962-
300 _a1 v.
_c25 cm.
500 _aRomanized.
650 0 _aHadith
999 _c85234
_d85234